Terceras jornadas españolas de documentación automatizada 'Documat 90' : Palma, 24-26 de mayo de 1990 Palma, 24-26 de mayo de 1990
Descripción Física:
2 v. (1281 p.) ; 21 cm
MARC
| LEADER | 00000nam a2200000Ia 4500 | ||
|---|---|---|---|
| 001 | 12299, 12300 | ||
| 003 | BGR | ||
| 005 | 20260324175300.0 | ||
| 008 | 160829s1990 xx 000 0 cat d | ||
| 080 | |a A-2-23, A-2-24 | ||
| 111 | |a Jornadas Españolas de Documentación Automatizada |9 71228 |c (Palma : |d 1990) | ||
| 245 | |a Terceras jornadas españolas de documentación automatizada 'Documat 90' : |b Palma, 24-26 de mayo de 1990 | ||
| 260 | |a Palma de Mallorca : |b Universitat de les Illes Balears, |c 1990 | ||
| 300 | |a 2 v. (1281 p.) ; |c 21 cm | ||
| 650 | |a Informació |x Sistemes d'emmagatzematge i recuperació |x Espanya |x Congressos |9 24796 | ||
| 650 | |a Biblioteques |x Automatització |x Congressos |9 24797 | ||
| 710 | 2 | |a Universitat de les Illes Balears |9 51563 | |
| 901 | |a Arxiu | ||
| 942 | |n 1 |2 udc |c JC | ||
| 952 | |0 0 |1 0 |4 0 |6 A223_A224 |7 1 |9 43320 |a Arxiu |b Arxiu |d 2016-12-01 |l 0 |o A-2-23, A-2-24 |p 12299, 12300 |r 2016-12-01 00:00:00 |w 2016-12-01 |y ARXIU | ||
| 999 | |c 45865 |d 45865 | ||